Govt. of
Madhya Pradesh

Conceptual Understanding of Persons With Disabilities (Record no. 64071)

MARC details
000 -LEADER
fixed length control field 00286nam a22001097a 4500
082 ## - DEWEY DECIMAL CLASSIFICATION NUMBER
Classification number 300
100 ## - MAIN ENTRY--AUTHOR NAME
Personal name Singh, Sudeep
245 ## - TITLE STATEMENT
Title Conceptual Understanding of Persons With Disabilities
260 ## - PUBLICATION, DISTRIBUTION, ETC. (IMPRINT)
Place of publication Delhi
Name of publisher Aradhana Pub
Year of publication 2018
650 ## - SUBJECT ADDED ENTRY--TOPICAL TERM
Topical Term Social Science
942 ## - ADDED ENTRY ELEMENTS (KOHA)
Koha item type Books
Holdings
Withdrawn status Lost status Damaged status Not for loan Home library Current library Date acquired Cost, normal purchase price Full call number Accession Number Price effective from Koha item type
        MACL MACL 20/01/2021 950.00 300 CRE037474 20/01/2021 Books